00714nam a2200193 i 4500001000700000003000900007005001700016008004100033080002400074100001900098245012400117260004000241300002300281490006600304700003400370700002600404830006600430852002400496184469ES-MaACL20230906222215.0150904s1923 sp |||| | spa d a821.134.2-293.2"19"1 aPaso, Antonio.10aBenamor b: opereta en tres actos, inspirada en una leyenda persa /coriginal de Antonio Paso y R. González del Toro. aMadrid : bPrensa Popular, c[1923] a[32] p. ; c20 cm.1 aLa novela teatral, Año VIII ; v357 - Madrid, 23 sept. 19231 aGonzález del Toro, Ricardo.0 aTovar c, ilustrador.0 aLa novela teatral, Año VIII ; v357 - Madrid, 23 sept. 1923 aES-MaACLj2332-F-16